TfL London Underground - Central Line - Statistics

General Stats
  • This quiz has been taken 77 times
  • The average score is 30 of 49
Answer Stats
Answer % Correct
Oxford Circus
88%
Stratford
88%
Tottenham Court Road
85%
Bank
80%
Liverpool Street
80%
Mile End
80%
Bond Street
78%
Ealing Broadway
75%
Woodford
75%
Holborn
73%
Leyton
73%
Marble Arch
73%
White City
73%
Epping
70%
Notting Hill Gate
70%
St. Paul's
70%
Bethnal Green
68%
Leytonstone
68%
Shepherd's Bush
68%
South Woodford
68%
East Acton
65%
Queensway
65%
West Ruislip
65%
Lancaster Gate
63%
North Acton
63%
Chancery Lane
60%
Loughton
60%
Theydon Bois
58%
Gants Hill
55%
West Acton
55%
Chigwell
53%
Greenford
53%
Hainault
53%
Holland Park
53%
Newbury Park
53%
Redbridge
53%
Wanstead
53%
Debden
48%
Ruislip Gardens
48%
Snaresbrook
48%
Barkingside
45%
Buckhurst Hill
45%
Northolt
45%
Fairlop
43%
Hanger Lane
43%
Perivale
43%
Roding Valley
43%
South Ruislip
40%
Grange Hill
35%
No matching quizzes found
Score Distribution
Percent of People with Each Score
Percentile by Number Answered
Your Score History
You have not taken this quiz